| 000 | 01225cam a2200301 a 4500 | ||
|---|---|---|---|
| 001 | 16163443 | ||
| 005 | 20100923094550.0 | ||
| 008 | 100330s2010 ne a b 001 0 eng | ||
| 010 | _a 2010010632 | ||
| 020 | _a0123743338 | ||
| 020 | _a9780123743336 | ||
| 035 | _a(OCoLC)ocn429025311 | ||
| 040 |
_aDLC _cDLC _dBTCTA _dC#P _dBWX _dCDX _dDLC |
||
| 050 | 0 | 0 |
_aTK7895.E42 _bS27 2010 |
| 082 | 0 | 0 |
_a004.16 _222 _bSAS |
| 100 | 1 |
_aSass, Ronald _q(Ronald R.) _923376 |
|
| 245 | 1 | 0 |
_aEmbedded Systems Design with Platform FPGAs : _bPrinciples and Ppractices / _cRonald Sass, Andrew G. Schmidt. |
| 260 |
_aBurlington, MA : _bMorgan Kaufmann/ Elsevier, 2010 _cc2010. |
||
| 300 |
_axv, 389 p. : _bill. ; _c25 cm. |
||
| 504 | _aIncludes bibliographical references and index. | ||
| 650 | 0 |
_aEmbedded computer systems. _923377 |
|
| 650 | 0 |
_aField programmable gate arrays. _923378 |
|
| 653 |
_bCS _cApril2011 |
||
| 700 | 1 |
_aSchmidt, Andrew G. _923379 |
|
| 942 |
_2ddc _cBB |
||
| 999 |
_c15189 _d15189 |
||